000 00748nam a2200289Ia 4500
005 20260324113250.0
008 008 260324s9999 xx 000 0 eng d
020 _a9781003493792
037 _aEBOOK
040 _aCRL
040 _beng
040 _cCRL
041 _2eng
041 _aeng
084 _qCRL
100 _aHsu-Ming Teo; Paloma Fresno-Calleja
_91146080
245 0 _aConflict and Colonialism in 21st Century Romantic Historical Fiction
245 0 _bRepairing the Past, Repurposing History
260 _bTaylor and Francis
260 _c2024
365 _a
365 _b220
856 _uhttp://www.taylorfrancis.com/books/9781003493792
942 _cEBOOK
999 _c1735635
_d1735635